|
|
|
|
| LEADER |
00000nab a2200000 a 4500 |
| 001 |
vtls000866582 |
| 003 |
SK-MaSNL |
| 005 |
20260302161158.0 |
| 008 |
160405c2003 xo 0 eng |
| 015 |
|
|
|a SNBRB2004/03-09382
|
| 035 |
|
|
|a CLN000218134
|
| 040 |
|
|
|a SNKBUCL
|b slo
|c SNKBUCL
|e AACR2
|
| 041 |
0 |
|
|a eng
|
| 044 |
|
|
|a xo
|c SK
|
| 080 |
|
|
|a 616.711.5/.6-001.5-089:061.3
|2 1997
|
| 100 |
1 |
|
|a Mužík, V.
|4 aut
|9 858601
|
| 245 |
1 |
0 |
|a Střednědobé výsledky po přední spondylodéze alogenními kostními štěpy u úrazů thorakolumbálního přechodu (TH12 a L1)
|c V. Mužík, P. Wendsche, J. Kočiš
|
| 650 |
0 |
7 |
|a stavce hrudné
|x poranenia
|x chirurgia
|2 MESH
|9 858614
|
| 650 |
0 |
7 |
|a stavce driekové
|x poranenia
|x chirurgia
|2 MESH
|9 858615
|
| 650 |
0 |
7 |
|a zrastenie stavcov chrbtice
|x metódy
|2 MESH
|9 858602
|
| 650 |
0 |
7 |
|a fraktúry chrbtice
|2 MESH
|9 858608
|
| 650 |
0 |
7 |
|a výkony ortopedické
|x metódy
|2 MESH
|9 858604
|
| 650 |
0 |
7 |
|a abstrakty z kongresu
|2 MESH
|9 168204
|
| 650 |
0 |
7 |
|a výsledok liečby
|2 MESH
|9 839245
|
| 655 |
|
7 |
|a články z novín a časopisov
|2 snkbucl
|9 267496
|
| 700 |
1 |
|
|a Wendsche, Peter,
|d 1945-
|4 aut
|9 194471
|
| 700 |
1 |
|
|a Kočiš, J.
|4 aut
|9 469896
|
| 711 |
1 |
|
|a Onemocnění páteře
|e kongres
|c Ústí na Labem, Česko
|d 2003
|4 aut
|9 858594
|
| 773 |
0 |
|
|x 1336-121X
|t Acta spondylologica
|g Roč. 2, č. 2 (2003), s. 107
|
| 850 |
|
|
|a Slovenská národná knižnica v Martine
|
| 852 |
|
|
|a SNK
|b KIS3GCP
|
| 958 |
|
|
|a MI
|
| 958 |
|
|
|a RBX
|
| 999 |
|
|
|c 1376613
|d 1378543
|